000 00505nam a2200193 a 4500
001 1769943201342
003 YourLibrary
005 20260201164119.0
008 260201s2009##################000#0#eng##
020 _a9781403978080
082 0 4 _a302.23450
_bJAG
100 1 _ajagodzinski, J.,
_eauthor.
245 1 0 _aTelevision and Youth Culture :
260 _bPalgrave Macmillan,
_c2009.
300 _a258 pages
650 0 _aEducation.
942 _cENGLISH
040 _aYourLibrary
_beng
_cYourLibrary
999 _c609936
_d609936